| 000 | 01039nam0a2200289 4500 | ||
|---|---|---|---|
| 001 | RU\NLR\ONL1\18357 | ||
| 005 | 20250806203047.0 | ||
| 035 | _a(NLR Aleph) 009647095 | ||
| 090 |
_a63981 _c63981 |
||
| 100 | _a20110808d1941 d y0rusy50 ca | ||
| 101 | 1 |
_akom _crus |
|
| 102 | _aRU | ||
| 105 | _aa ||||||||| | ||
| 200 | 1 |
_aСмерчьяс страна пыр поход _eгенерал-полковник Ока Городовиковлöн казьтыломъяс _fкоми кыв вылö пер. Д. Конюхов |
|
| 210 |
_aСыктывкар _cКоми госиздат _d1941 |
||
| 215 |
_a50,[2] c. _cил. _d22 |
||
| 541 | 1 |
_aПоход через страну смерчей _zrus |
|
| 686 | 1 | _aШ9(2)672=Ко(Р)-4 | |
| 700 | 1 |
_aГородовиков _bО. _gОка _4070 |
|
| 801 | 0 |
_aRU _bNLR _c20110808 _gPSBO |
|
| 852 | _aНБ РК | ||
| 852 |
_aNLR _bОНЛ _jКоми-з./3-352 |
||
| 942 | _cBOOK | ||
| 945 | _aРоссийская национальная библиотека | ||
| 980 | _aNB | ||
| 980 | _aBV | ||